[Event "ISR-chT"]
[Site "Israel"]
[Date "2003.03.21"]
[Round "7"]
[White "Slutzky, Leonid"]
[Black "Lahav, Ehud"]
[Result "1/2-1/2"]
[WhiteElo "2329"]
[BlackElo "2300"]
[PlyCount "48"]
[EventDate "2003.01.??"]
[EventType "team"]
[EventRounds "11"]
[EventCountry "ISR"]
[SourceTitle "EXT 2004"]
[Source "ChessBase"]
[SourceDate "2003.11.25"]
[SourceVersion "1"]
[SourceVersionDate "2003.11.25"]
[SourceQuality "1"]

1. Nf3 Nf6 2. c4 g6 3. g3 Bg7 4. Bg2 c6 5. d4 0-0 6. Nc3 d6 7. 0-0 Nbd7 8. e4 e5 9. h3 Qb6 10. d5 Nc5 11. Qe2 Bd7 12. Rb1 cxd5 13. cxd5 Rfc8 14. Be3 Qa6 15. Qxa6 bxa6 16. Bxc5 Rxc5 17. Nd2 Rb8 18. Rfd1 Bh6 19. Nb3 Rc7 20. Rd3 Rb4 21. Na5 Rc5 22. Nb3 Rc7 23. Na5 Rc5 24. Nb3 Rc7 1/2-1/2

[Event "ISR-ch op"]
[Site "Tel Aviv"]
[Date "2001.04.10"]
[Round "2"]
[White "Van den Doel, Erik"]
[Black "Lahav, Ehud"]
[Result "1-0"]
[WhiteElo "2574"]
[BlackElo "2337"]
[PlyCount "65"]
[EventDate "2001.04.09"]
[EventType "swiss"]
[EventRounds "9"]
[EventCountry "ISR"]
[SourceTitle "CBM 081 Extra"]
[Source "ChessBase"]
[SourceDate "2001.05.06"]
[SourceVersion "1"]
[SourceVersionDate "2001.05.06"]
[SourceQuality "1"]

1. e4 e5 2. Nf3 Nc6 3. Bb5 Nf6 4. 0-0 Nxe4 5. d4 Nd6 6. Bxc6 dxc6 7. dxe5 Nf5 8. Qxd8+ Kxd8 9. Nc3 h6 10. b3 Ke8 11. Bb2 Be6 12. Rad1 Rd8 13. Rxd8+ Kxd8 14. Ne2 Bc5 15. Nf4 Re8 16. g4 Ne7 17. Nxe6+ fxe6 18. Ne1 Nd5 19. Nd3 Bf8 20. a3 Ke7 21. c4 Nb6 22. f4 g6 23. Kf2 Kf7 24. Ke3 Nd7 25. f5 gxf5 26. gxf5 exf5 27. Rxf5+ Kg8 28. Rf1 Bg7 29. Rg1 Kf7 30. Ke4 Bh8 31. Kf5 Nf8 32. e6+ Nxe6 33. Bxh8 1-0

[Event "Dov Porath Memorial"]
[Site "Givataim"]
[Date "2000.09.??"]
[Round "3"]
[White "Lahav, Ehud"]
[Black "Deutsch, Eyal"]
[Result "1/2-1/2"]
[WhiteElo "2348"]
[BlackElo "2184"]
[PlyCount "36"]
[EventDate "2000.09.??"]
[EventType "swiss"]
[EventRounds "7"]
[EventCountry "ISR"]
[SourceTitle "EXT 2006"]
[Source "ChessBase"]
[SourceDate "2005.11.24"]
[SourceVersion "1"]
[SourceVersionDate "2005.11.24"]
[SourceQuality "1"]

1. d4 Nf6 2. Nf3 d5 3. c4 c6 4. Nc3 a6 5. e3 Bg4 6. cxd5 Bxf3 7. Qxf3 cxd5 8. Bd3 Nc6 9. 0-0 e6 10. Rd1 Bd6 11. Bd2 Qc7 12. h3 Qe7 13. Rac1 0-0 14. Be1 Rac8 15. Bb1 Bb4 16. a3 Bxc3 17. bxc3 Rfd8 18. Bd3 Na7 1/2-1/2

[Event "ISR-chT"]
[Site "Ramat Aviv"]
[Date "2000.01.14"]
[Round "1.4"]
[White "Lahav, Ehud"]
[Black "Greenfeld, Alon"]
[Result "1/2-1/2"]
[WhiteElo "2357"]
[BlackElo "2563"]
[PlyCount "74"]
[EventDate "2000.01.14"]
[EventType "team"]
[EventRounds "11"]
[EventCountry "ISR"]
[SourceTitle "CBM 074 Extra"]
[Source "ChessBase"]
[SourceDate "2000.03.10"]
[SourceVersion "2"]
[SourceVersionDate "2000.03.10"]
[SourceQuality "1"]
[WhiteTeam "Tel Aviv Univ"]
[BlackTeam "Beer Sheva"]
[WhiteTeamCountry "ISR"]
[BlackTeamCountry "ISR"]

1. Nf3 Nf6 2. c4 c5 3. Nc3 e6 4. g3 Be7 5. Bg2 0-0 6. 0-0 d5 7. cxd5 Nxd5 8. d4 Nc6 9. e4 Ndb4 10. dxc5 Bxc5 11. Qe2 b6 12. Rd1 Qe8 13. e5 Ba6 14. Qe4 Rd8 15. Bf4 Ne7 16. Rxd8 Qxd8 17. Rd1 Nd3 18. Be3 Nd5 19. Rxd3 Bxd3 20. Qxd3 Nxe3 21. Qxd8 Rxd8 22. fxe3 Rd3 23. Kf1 Rxe3 24. Na4 h6 25. Nxc5 bxc5 26. Kf2 Re4 27. Bf1 g5 28. b3 Rb4 29. Bc4 Rb8 30. Ke3 Kf8 31. Nd2 Rd8 32. Bd3 Ke7 33. Nc4 g4 34. Bc2 h5 35. a4 Rd5 36. a5 Rd8 37. Bd3 Rb8 1/2-1/2

[Event "ISR-chT"]
[Site "Israel"]
[Date "1996.??.??"]
[Round "3"]
[White "Lahav, Ehud"]
[Black "Har Zvi, Ronen"]
[Result "1/2-1/2"]
[WhiteElo "2365"]
[BlackElo "2510"]
[PlyCount "25"]
[EventDate "1996.??.??"]
[EventType "team"]
[EventRounds "11"]
[EventCountry "ISR"]
[SourceTitle "CBM 052 Extra"]
[Source "ChessBase"]
[SourceDate "1996.07.01"]
[SourceVersion "1"]
[SourceVersionDate "1996.07.01"]
[SourceQuality "1"]

1. d4 Nf6 2. Nf3 e6 3. c4 b6 4. Nc3 Bb4 5. Bg5 Bb7 6. Nd2 Bxc3 7. bxc3 h6 8. Bh4 g5 9. Bg3 d6 10. f3 Qe7 11. e4 Nc6 12. Bf2 Nh5 13. g3 1/2-1/2

[Event "Tel Aviv-B"]
[Site "Tel Aviv"]
[Date "1991.??.??"]
[Round "11"]
[White "Andrianov, Nikolai Ivanovich"]
[Black "Lahav, Ehud"]
[Result "1/2-1/2"]
[WhiteElo "2445"]
[BlackElo "2380"]
[PlyCount "22"]
[EventDate "1991.07.??"]
[EventType "tourn"]
[EventRounds "11"]
[EventCountry "ISR"]
[EventCategory "5"]
[SourceTitle "CBM 027 Extra"]
[Source "ChessBase"]
[SourceDate "1992.05.01"]
[SourceVersion "1"]
[SourceVersionDate "1992.05.01"]
[SourceQuality "1"]

1. d4 Nf6 2. Nf3 g6 3. Bf4 Bg7 4. e3 d6 5. h3 c5 6. c3 Qb6 7. Qb3 Be6 8. dxc5 Bxb3 9. cxb6 axb6 10. Bb5+ Nbd7 11. Nbd2 Bd5 1/2-1/2

[Event "Tel Aviv-B"]
[Site "Tel Aviv"]
[Date "1991.??.??"]
[Round "2"]
[White "Tsesarsky, Ilya"]
[Black "Lahav, Ehud"]
[Result "1-0"]
[WhiteElo "2440"]
[BlackElo "2380"]
[PlyCount "57"]
[EventDate "1991.07.??"]
[EventType "tourn"]
[EventRounds "11"]
[EventCountry "ISR"]
[EventCategory "5"]
[SourceTitle "CBM 027 Extra"]
[Source "ChessBase"]
[SourceDate "1992.05.01"]
[SourceVersion "1"]
[SourceVersionDate "1992.05.01"]
[SourceQuality "1"]

1. Nf3 Nf6 2. c4 g6 3. Nc3 Bg7 4. e4 d6 5. d4 0-0 6. Be2 e5 7. 0-0 Nbd7 8. Re1 c6 9. Bf1 a6 10. Rb1 b5 11. b4 Qc7 12. dxe5 Nxe5 13. Nxe5 dxe5 14. a4 Bg4 15. f3 Rfd8 16. Qe2 Be6 17. axb5 axb5 18. cxb5 Rd4 19. Be3 Bf8 20. Bxd4 exd4 21. Nd1 cxb5 22. Qxb5 Rb8 23. Qg5 Rxb4 24. Nf2 Rxb1 25. Rxb1 Be7 26. Qc1 Qa7 27. Bc4 Bxc4 28. Qxc4 Nd7 29. Nd3 1-0

[Event "Tel Aviv"]
[Site "Tel Aviv"]
[Date "1990.??.??"]
[Round "8"]
[White "Lahav, Ehud"]
[Black "Bruk, Ofer"]
[Result "1/2-1/2"]
[WhiteElo "2380"]
[BlackElo "2435"]
[PlyCount "48"]
[EventDate "1990.02.25"]
[EventType "tourn"]
[EventRounds "11"]
[EventCountry "ISR"]
[EventCategory "9"]
[SourceTitle "CBM 020 Extra"]
[Source "ChessBase"]
[SourceDate "1991.03.01"]
[SourceVersion "1"]
[SourceVersionDate "1991.03.01"]
[SourceQuality "1"]

1. d4 d5 2. Nf3 Nf6 3. c4 e6 4. Nc3 Be7 5. Bg5 0-0 6. e3 Nbd7 7. Qc2 c6 8. a3 Re8 9. Bd3 dxc4 10. Bxc4 Nd5 11. Bxe7 Qxe7 12. 0-0 Nxc3 13. bxc3 c5 14. a4 b6 15. Bd3 g6 16. a5 Bb7 17. e4 Rec8 18. Qd2 Rc7 19. Rfe1 Rac8 20. axb6 axb6 21. Ra7 cxd4 22. cxd4 Nf6 23. Qb2 Qd8 24. Qxb6 Nxe4 1/2-1/2

[Event "Tel Aviv op"]
[Site "Tel Aviv"]
[Date "1990.??.??"]
[Round "?"]
[White "Lahav, Ehud"]
[Black "Psakhis, Lev"]
[Result "1/2-1/2"]
[WhiteElo "2380"]
[BlackElo "2570"]
[PlyCount "55"]
[EventDate "1990.??.??"]
[EventType "swiss"]
[EventRounds "9"]
[EventCountry "ISR"]
[SourceTitle "EXT 1997"]
[Source "ChessBase"]
[SourceDate "1996.11.15"]
[SourceVersion "1"]
[SourceVersionDate "1996.11.15"]
[SourceQuality "1"]

1. d4 Nf6 2. Nf3 e6 3. c4 c5 4. d5 d6 5. Nc3 exd5 6. cxd5 g6 7. Nd2 Nbd7 8. e4 Bg7 9. Be2 0-0 10. 0-0 Re8 11. h3 g5 12. Nc4 Nxe4 13. Nxe4 Rxe4 14. Nxd6 Rd4 15. Qc2 Nb6 16. Nxc8 Rxc8 17. Be3 Rb4 18. Bg4 Rxb2 19. Qc1 Rc7 20. Bxg5 Qxd5 21. Rd1 Bd4 22. Be3 Nc4 23. Bxd4 cxd4 24. Bf3 Qe5 25. Re1 Qf6 26. Re4 Rb6 27. Rg4+ Kf8 28. Bd5 1/2-1/2

[Event "Tel Aviv op"]
[Site "Tel Aviv"]
[Date "1990.??.??"]
[Round "?"]
[White "Lahav, Ehud"]
[Black "Zilberman, Yaacov"]
[Result "0-1"]
[WhiteElo "2380"]
[BlackElo "2380"]
[PlyCount "64"]
[EventDate "1990.??.??"]
[EventType "swiss"]
[EventRounds "9"]
[EventCountry "ISR"]
[SourceTitle "EXT 1997"]
[Source "ChessBase"]
[SourceDate "1996.11.15"]
[SourceVersion "1"]
[SourceVersionDate "1996.11.15"]
[SourceQuality "1"]

1. Nf3 d5 2. d4 Nf6 3. c4 dxc4 4. Nc3 a6 5. e4 b5 6. e5 Nd5 7. a4 c6 8. Be2 e6 9. 0-0 Bb7 10. Ne4 h6 11. Bd2 Nd7 12. b3 cxb3 13. Qxb3 Be7 14. Ne1 b4 15. Qg3 g6 16. Nc2 c5 17. Rfd1 cxd4 18. Nxd4 Nc5 19. Nxc5 Bxc5 20. Nb3 Be7 21. Rac1 Rc8 22. Bc4 Kf8 23. Qd3 a5 24. Qd4 Kg7 25. Qa7 Qb6 26. Qxb6 Nxb6 27. Nxa5 Be4 28. Bb3 Rhd8 29. Nc4 Nxc4 30. Bxc4 Rb8 31. f3 Bd5 32. Bb5 Bb3 0-1

[Event "Tel Aviv"]
[Site "Tel Aviv"]
[Date "1990.??.??"]
[Round "9"]
[White "Murey, Jacob"]
[Black "Lahav, Ehud"]
[Result "1/2-1/2"]
[WhiteElo "2530"]
[BlackElo "2380"]
[PlyCount "182"]
[EventDate "1990.02.25"]
[EventType "tourn"]
[EventRounds "11"]
[EventCountry "ISR"]
[EventCategory "9"]
[SourceTitle "CBM 020 Extra"]
[Source "ChessBase"]
[SourceDate "1991.03.01"]
[SourceVersion "1"]
[SourceVersionDate "1991.03.01"]
[SourceQuality "1"]

1. e4 e5 2. Nf3 Nc6 3. Bb5 Nf6 4. 0-0 Bc5 5. c3 0-0 6. d4 Bb6 7. Bg5 h6 8. Bh4 d6 9. a4 a5 10. dxe5 Nxe5 11. Nxe5 dxe5 12. Nd2 c6 13. Be2 Qe7 14. Qc2 Be6 15. h3 g5 16. Bg3 Nd7 17. Nc4 Bxc4 18. Bxc4 Bc7 19. Qe2 Kg7 20. Rfd1 Rad8 21. Qg4 Nb6 22. Bb3 Rxd1+ 23. Rxd1 Rd8 24. Rxd8 Qxd8 25. h4 Qe7 26. Kh2 Nd7 27. hxg5 hxg5 28. Qf5 Nc5 29. Bc2 f6 30. Kh3 Qe6 31. Kg4 Kf7 32. f3 Qxf5+ 33. Kxf5 Ke7 34. Be1 Bb6 35. b3 Ne6 36. Bd3 Be3 37. b4 Bb6 38. Bc4 Ng7+ 39. Kg6 Ne8 40. Bb3 Nd6 41. Bd2 axb4 42. cxb4 Bd4 43. Ba2 b5 44. a5 Ne8 45. Bb3 Nc7 46. Kf5 Ne8 47. g3 Bf2 48. Kg6 Nd6 49. Kh5 Bd4 50. Be1 Ne8 51. Bg8 Nd6 52. Bh7 Nc8 53. Bf5 Na7 54. Kg6 c5 55. bxc5 Nc6 56. a6 Bxc5 57. Bc8 Na7 58. Bb7 b4 59. Bd5 Nb5 60. Bc4 Na7 61. Bd2 Nc6 62. Bb5 Na7 63. Ba4 Nc8 64. Bb3 Na7 65. Bc1 Bd4 66. Bd2 Bc5 67. Be1 Nc6 68. Ba4 Na7 69. Bd2 Nc8 70. f4 gxf4 71. gxf4 exf4 72. Bxf4 Bd4 73. Bg3 Na7 74. Kf5 Nc8 75. Kg4 Kd8 76. Kf3 Nb6 77. Bb3 Nd7 78. Kg4 Bb6 79. Kf5 Nc5 80. Bc4 b3 81. Bh4 Kc7 82. Bxf6 Kb8 83. Ba1 Ka7 84. e5 Nxa6 85. e6 Bd8 86. Bd4+ Kb7 87. Bd5+ Kc8 88. Bxb3 Nc7 89. Bc5 Nxe6 90. Kxe6 Bc7 91. Kd5 Kb7 1/2-1/2

[Event "Tel Aviv-B"]
[Site "Tel Aviv"]
[Date "1989.??.??"]
[Round "?"]
[White "Lahav, Ehud"]
[Black "Csom, Istvan"]
[Result "0-1"]
[WhiteElo "2395"]
[BlackElo "2545"]
[PlyCount "56"]
[EventDate "1989.04.??"]
[EventType "tourn"]
[EventRounds "11"]
[EventCountry "ISR"]
[EventCategory "7"]
[SourceTitle "EXT 1997"]
[Source "ChessBase"]
[SourceDate "1996.11.15"]
[SourceVersion "1"]
[SourceVersionDate "1996.11.15"]
[SourceQuality "1"]

1. e4 c5 2. Nc3 Nc6 3. g3 g6 4. Bg2 Bg7 5. d3 d6 6. f4 e6 7. Nf3 Nge7 8. 0-0 0-0 9. Be3 Nd4 10. e5 Nef5 11. Bf2 Nxf3+ 12. Bxf3 dxe5 13. fxe5 Bxe5 14. Bxc5 Bd4+ 15. Bxd4 Nxd4 16. Bg2 Qb6 17. Rf2 Bd7 18. Ne4 f5 19. Ng5 h6 20. Nh3 Qxb2 21. Rb1 Qc3 22. Qc1 g5 23. Rxb7 Bc6 24. Rc7 Rac8 25. Rxa7 Bxg2 26. Kxg2 Qc6+ 27. Kg1 Qb6 28. Qa3 Nb5 0-1

[Event "Tel Aviv-B"]
[Site "Tel Aviv"]
[Date "1989.??.??"]
[Round "?"]
[White "Lahav, Ehud"]
[Black "Davidovic, Aleksandar"]
[Result "1/2-1/2"]
[WhiteElo "2395"]
[BlackElo "2425"]
[PlyCount "82"]
[EventDate "1989.04.??"]
[EventType "tourn"]
[EventRounds "11"]
[EventCountry "ISR"]
[EventCategory "7"]
[SourceTitle "EXT 1997"]
[Source "ChessBase"]
[SourceDate "1996.11.15"]
[SourceVersion "1"]
[SourceVersionDate "1996.11.15"]
[SourceQuality "1"]

1. e4 c5 2. Nc3 Nc6 3. g3 e6 4. Bg2 Nf6 5. d3 Be7 6. Nge2 0-0 7. 0-0 d6 8. h3 Qc7 9. g4 Bd7 10. f4 Nd4 11. Be3 Nxe2+ 12. Qxe2 Bc6 13. g5 Nd7 14. f5 Rfe8 15. Qf2 Rac8 16. Rae1 Bf8 17. f6 Ne5 18. Bf4 b5 19. Nd1 c4 20. d4 Ng6 21. Be3 b4 22. h4 c3 23. h5 Nh8 24. bxc3 Bb5 25. Bd2 Bxf1 26. Rxf1 bxc3 27. Nxc3 Qb6 28. Rb1 Qc7 29. Rc1 Rb8 30. fxg7 Bxg7 31. h6 Bf8 32. e5 dxe5 33. Ne4 Ng6 34. dxe5 Red8 35. Be3 Nxe5 36. Bf4 Rb4 37. c4 Qa5 38. Nf6+ Kh8 39. Nd5 Bd6 40. Nxb4 Bc5 41. Be3 Ng4 1/2-1/2

[Event "Tel Aviv ASA"]
[Site "Tel Aviv"]
[Date "1989.??.??"]
[Round "?"]
[White "Lahav, Ehud"]
[Black "Romm, Meir"]
[Result "1-0"]
[WhiteElo "2395"]
[BlackElo "2310"]
[PlyCount "123"]
[EventDate "1989.??.??"]
[EventType "tourn"]
[EventRounds "9"]
[EventCountry "ISR"]
[EventCategory "4"]
[SourceTitle "EXT 2004"]
[Source "ChessBase"]
[SourceDate "2003.11.25"]
[SourceVersion "1"]
[SourceVersionDate "2003.11.25"]
[SourceQuality "1"]

1. d4 Nf6 2. Nf3 e6 3. c4 c5 4. d5 b5 5. dxe6 fxe6 6. cxb5 d5 7. Nc3 Bd6 8. e4 Be7 9. e5 Nfd7 10. Bd3 a6 11. Qc2 axb5 12. Bxh7 Nf8 13. Bg6+ Kd7 14. Bf7 Bb7 15. b4 c4 16. Nxb5 Bxb4+ 17. Bd2 Qe7 18. Rb1 Qxf7 19. Bxb4 Qg6 20. Qb2 Qe4+ 21. Kf1 Ba6 22. Nc3 Qf4 23. Bd6 Nc6 24. Qb6 Ra7 25. Ne2 c3 26. Qxa6 Rxa6 27. Nxf4 Rxa2 28. g3 Na5 29. Kg2 c2 30. Rb8 Ng6 31. Rxh8 Nxh8 32. Nd4 Nf7 33. Bb4 Nc4 34. Nd3 Nfxe5 35. Nc1 Ra4 36. Nxc2 d4 37. Rd1 Nc6 38. Be1 e5 39. f4 e4 40. Bf2 Nb2 41. Rd2 Nc4 42. Rd1 Nb2 43. Rd2 Nc4 44. Rxd4+ Nxd4 45. Bxd4 Nd2 46. Bb2 g6 47. Kf2 Ke6 48. Ne3 Nc4 49. Nxc4 Rxc4 50. Ne2 Rb4 51. Bc3 Ra4 52. Ke3 Ra2 53. h3 Kd5 54. Bf6 Ke6 55. Bd4 Rc2 56. Nc3 g5 57. fxg5 Rh2 58. h4 Kf5 59. Nxe4 Rh1 60. Kf3 Kg6 61. Nf2 Rb1 62. g4 1-0

[Event "Tel Aviv"]
[Site "Tel Aviv"]
[Date "1988.??.??"]
[Round "?"]
[White "Lahav, Ehud"]
[Black "Blees, Albert"]
[Result "1-0"]
[WhiteElo "2340"]
[BlackElo "2390"]
[PlyCount "83"]
[EventDate "1988.03.??"]
[EventType "tourn"]
[EventRounds "13"]
[EventCountry "ISR"]
[EventCategory "8"]
[SourceTitle "CBM 007"]
[Source "ChessBase"]
[SourceDate "1988.12.01"]
[SourceVersion "1"]
[SourceVersionDate "1988.12.01"]
[SourceQuality "1"]

1. d4 Nf6 2. Nf3 e6 3. c4 c5 4. d5 exd5 5. cxd5 d6 6. Nc3 g6 7. g3 Bg7 8. Bg2 0-0 9. 0-0 Na6 10. Nd2 Nc7 11. Nc4 Nfe8 12. a4 b6 13. Bd2 Qd7 14. Qc1 Ba6 15. b3 Nf6 16. h3 Rab8 17. Re1 Bxc4 18. bxc4 a6 19. e4 Rfe8 20. Bf1 Re5 21. Ra3 Rbe8 22. Qb1 Rh5 23. Qxb6 Rxh3 24. Bf4 Bf8 25. Bg5 Nh5 26. Nb1 Re5 27. Bd2 Ne8 28. Qc6 Qg4 29. Bg2 Nef6 30. Bf3 Rxg3+ 31. fxg3 Qxg3+ 32. Bg2 Qg4 33. Qb7 Nxe4 34. Qb2 Bg7 35. Qc2 Nhg3 36. Ba5 f5 37. Rae3 f4 38. Rxe4 Nxe4 39. Rxe4 Rxe4 40. Qxe4 Bd4+ 41. Kf1 Qd1+ 42. Be1 1-0

[Event "Tel Aviv"]
[Site "Tel Aviv"]
[Date "1988.??.??"]
[Round "?"]
[White "Lahav, Ehud"]
[Black "Gruenfeld, Yehuda"]
[Result "1-0"]
[WhiteElo "2340"]
[BlackElo "2550"]
[PlyCount "71"]
[EventDate "1988.03.??"]
[EventType "tourn"]
[EventRounds "13"]
[EventCountry "ISR"]
[EventCategory "8"]
[SourceTitle "CBM 007"]
[Source "ChessBase"]
[SourceDate "1988.12.01"]
[SourceVersion "1"]
[SourceVersionDate "1988.12.01"]
[SourceQuality "1"]

1. d4 Nf6 2. Nf3 c5 3. d5 g6 4. c4 Bg7 5. Nc3 0-0 6. g3 e6 7. Bg2 exd5 8. cxd5 d6 9. 0-0 Re8 10. Bf4 Na6 11. Re1 Nc7 12. e4 Nh5 13. Bg5 f6 14. Bd2 b5 15. h3 Bf8 16. a3 a5 17. b4 axb4 18. axb4 Rxa1 19. Qxa1 cxb4 20. Na2 f5 21. Nxb4 Rxe4 22. Rxe4 fxe4 23. Ng5 Bd7 24. Nxe4 Ne8 25. Qa7 Qc8 26. Nc6 Nhf6 27. Nxf6+ Nxf6 28. Bc3 Ne8 29. Qd4 Bg7 30. Qe3 Qc7 31. Ba5 Qb7 32. Nd8 Qa8 33. Qe7 Qxa5 34. Qxd7 Qe1+ 35. Kh2 h5 36. Ne6 1-0